| Tag |
First Indicator |
Second Indicator |
Subfields |
| LEADER |
00000cam a2200000 4500 |
| 001 |
in00000039910 |
| 005 |
20151007070425.0 |
| 008 |
800530s1892 ilua 00010 eng d |
| 035 |
|
|
|a (OCoLC)06371790
|
| 035 |
|
|
|9 AAE3990AM
|
| 040 |
|
|
|a TXA
|c TXA
|d UtOrBLW
|
| 049 |
|
|
|a TXAM
|c [38136]
|
| 050 |
|
0 |
|a QE28
|b .W5
|
| 092 |
|
|
|a 550
|b W759g4
|
| 100 |
1 |
|
|a Winchell, Alexander,
|d 1824-1891.
|
| 245 |
1 |
0 |
|a Geological studies ;
|b or, Elements of geology. For high schools, colleges, normal, and other schools. Part I.--Geology inductively presented. Part II.--Geology treated systematically /
|c With 367 illustrations in the text. By Alexander Winchell ...
|
| 250 |
|
|
|a 4th ed.
|
| 264 |
|
1 |
|a Chicago :
|b S. C. Griggs and company,
|c 1892.
|
| 300 |
|
|
|a xxv, 513 pages :
|b illustrations, diagrams ;
|c 20 cm.
|
| 336 |
|
|
|a text
|b txt
|2 rdacontent
|
| 337 |
|
|
|a unmediated
|b n
|2 rdamedia
|
| 338 |
|
|
|a volume
|b nc
|2 rdacarrier
|
| 650 |
|
0 |
|a Geology.
|
| 999 |
|
|
|a MARS
|
| 999 |
f |
f |
|s 37b2ec42-1ca1-3f76-8688-825765571bf5
|i ecabe534-1866-3d30-be96-d5724ed8c7c0
|t 0
|
| 952 |
f |
f |
|p ric
|a Texas A&M University
|b Rellis Campus
|c Joint Library Facility
|s JLF
|d Remote Storage
|t 0
|e QE28 .W5
|h Library of Congress classification
|i unmediated -- volume
|m A14800948996
|
| 998 |
f |
f |
|a QE28 .W5
|t 0
|l Remote Storage
|